| 000 | 00510nam a22001457a 4500 | ||
|---|---|---|---|
| 003 | MACL | ||
| 005 | 20200103165415.0 | ||
| 008 | 200103b xxu||||| |||| 00| 0 eng d | ||
| 040 | _cMACL | ||
| 100 |
_aश्रीवास्तव गरिमा _977668 |
||
| 245 | _aकिशोरीलाल गोस्वामी | ||
| 260 |
_aदिल्ली _bसाहित्य अकादमी _c2017 |
||
| 650 |
_aउपन्यास साहित्य _9100 |
||
| 942 |
_2ddc _cHIN |
||
| 999 |
_c61665 _d61665 |
||